000 00286nam a22001337a 4500
008 170816b xxu||||| |||| 00| 0 eng d
020 _a9781401831226
041 _aeng
080 _29 ED
_a51
100 _a36
101 _aMAT
245 _aMATH MEDS
_cCURREN.A.M
942 _2udc
_cBK
999 _c23781
_d23781